Word Ladder: When Trump Fires People Quiz Stats

 Plays Quiz Updated Jun 27, 2017

Support Sporcle.
Go Orange.
Score 0/17 Timer 03:00
0 Plays Today
Clue 5-Letter Word % Correct
H₂OWATER
95.7%
A song remade by another bandCOVER
93.4%
To remain suspended in the air over a locationHOVER
92.5%
A periodic celestial body with an icy tailCOMET
92.4%
To desire or want that which another hasCOVET
90.7%
A betWAGER
89.9%
Belly buttonNAVEL
89.4%
A long published narrativeNOVEL
88.3%
FBI Head James fired by Donald Trump•COMEY•
87%
Clue 5-Letter Word % Correct
A run-down house or hutHOVEL
86.5%
Hall's musical partnerOATES
75.5%
German word for carWAGEN
75.1%
A place of safetyHAVEN
74.2%
Former president of Czechoslovakia VáclavHAVEL
71.4%
A westernOATER
71%
Famed theatre actor UtaHAGEN
66.3%
Acting Attorney General Sally fired by Donald Trump•YATES•
48.4%

Today's Daily Dose

You're not logged in!

Compare scores with friends on all Sporcle quizzes.
OR
Log In
Forgot?

From the Vault

Find Five: WWI Things

by eyes355

"At eleven o’clock this morning came to an end the cruelest and most terrible War that has ever scourged mankind."
Remove Ads.
Support Sporcle.
Get the best of Sporcle when you Go Orange. This ad-free experience offers more features, more stats, and more fun while also helping to support Sporcle. Thank you for becoming a member.

Show Comments

Extras

Top Quizzes Today


Score Distribution

Your Account Isn't Verified!

In order to create a playlist on Sporcle, you need to verify the email address you used during registration. Go to your Sporcle Settings to finish the process.

Report this User

Report this user for behavior that violates our Community Guidelines.

Details: